E-business in insurance

Aplikácia informačných a komunikačných technológií v poisťovníctve, výhody aj pre zákazníkov. B2C elektronický obchod. Limity elektronického obchodu v poisťovni. Modely elektronického obchodu. Prvá európska online poisťovňa "Ineas". Charakteristika a činnosť Ineas.

Na minha lista:
Detalhes bibliográficos
Autor principal: Hasan, Jamal
Formato: Capítulo de Livro
Idioma:inglês
Assuntos:
Tags: Adicionar Tag
Sem tags, seja o primeiro a adicionar uma tag!

MARC

LEADER 00000nla$a2200000$$$4500
001 0106348
005 20240502072159.3
041 0 |a eng 
044 |a SK 
245 1 0 |a E-business in insurance  |c Jamal Hasan 
520 |a Aplikácia informačných a komunikačných technológií v poisťovníctve, výhody aj pre zákazníkov. B2C elektronický obchod. Limity elektronického obchodu v poisťovni. Modely elektronického obchodu. Prvá európska online poisťovňa "Ineas". Charakteristika a činnosť Ineas. 
610 2 0 |a poisťovníctvo 
610 2 0 |a poisťovne 
610 2 0 |a obchod elektronický 
610 2 0 |a technológie informačné 
610 2 0 |a technológie komunikačné 
100 1 |a Hasan, Jamal